000 00276nam a2200121Ia 4500
005 20251222144642.0
008 251222s9999||||xx |||||||||||||| ||spa||
082 _a372.4/K26L
100 _aKaufman, Ana MarĂ­a
245 0 _aLeer y Escribir:
264 _bAique
942 _cLIB
999 _c16740
_d16740